[Event "Helsingor Xtracon op"]
[Site "Helsingor"]
[Date "2018.07.26"]
[Round "7"]
[White "Halberg, Jesper"]
[Black "Skjoldager, Flemming"]
[Result "0-1"]
[WhiteElo "1702"]
[BlackElo "1902"]
[PlyCount "120"]
[EventDate "2018.07.21"]
[EventType "swiss"]
[EventRounds "10"]
[EventCountry "DEN"]
[SourceTitle "CBM 185 Extra"]
[Source "ChessBase"]
[SourceDate "2018.07.29"]
[SourceVersion "1"]
[SourceVersionDate "2018.07.29"]
[SourceQuality "1"]

1. d4 Nf6 2. Bf4 b6 3. e3 Bb7 4. Nf3 e6 5. c3 d6 6. h3 Be7 7. Bd3 Nbd7 8. 0-0 c5 9. Qe2 0-0 10. Nbd2 Rc8 11. e4 cxd4 12. cxd4 Nh5 13. Bh2 g6 14. Nc4 Ndf6 15. Rfe1 Bxe4 16. g4 Ng7 17. Bxe4 Nxe4 18. Ncd2 Nxd2 19. Qxd2 Rc4 20. b3 Rc7 21. Rac1 Qd7 22. Rxc7 Qxc7 23. Rc1 Qb7 24. Qc3 Rd8 25. Qc6 Qxc6 26. Rxc6 Ne8 27. Nd2 Bf6 28. Nf3 Kf8 29. Bg3 Ke7 30. Bh4 Bxh4 31. Nxh4 Kd7 32. Rc3 Rc8 33. Rxc8 Kxc8 34. f4 Kd7 35. Kf2 Kc6 36. Ke3 Kd5 37. f5 Nc7 38. fxg6 fxg6 39. Nf3 h6 40. g5 hxg5 41. Nxg5 Nb5 42. Nf3 Nc3 43. a4 Ne4 44. h4 e5 45. dxe5 dxe5 46. Ne1 Ng3 47. Kf3 Nf5 48. Kg4 e4 49. h5 gxh5+ 50. Kxf5 Kd4 51. Kf4 Kc3 52. Kxe4 Kxb3 53. Kf4 Kxa4 54. Kg5 b5 55. Kxh5 b4 56. Kg4 b3 57. Nd3 Ka3 58. Kf4 a5 59. Ke3 b2 60. Nxb2 Kxb2 0-1